logo

INSTALACIONES ELECTRICAS DE BAJA TENSION EN EDIFICIOS DE VIVIENDAS (Record no. 65134)

MARC details
000 -CABECERA
campo de control de longitud fija 00481nam a2200181Ia 4500
001 - NÚMERO DE CONTROL
campo de control 29804
005 - FECHA Y HORA DE LA ÚLTIMA TRANSACCIÓN
campo de control 20260407094506.0
008 - CÓDIGOS DE INFORMACIÓN DE LONGITUD FIJA
campo de control de longitud fija 260115s9999 xx 000 0 und d
010 ## - NÚMERO DE CONTROL DE LA BIBLIOTECA DEL CONGRESO
Número de control de LC 65134
035 ## - NÚMERO DE CONTROL DEL SISTEMA
Número de control de sistema 19893
090 ## - LOCALMENTE ASIGNADO TIPO-LC NÚMERO DE CLASIFICACIÓN (OCLC); NÚMERO DE CLASIFICACIÓN LOCAL (RLIN)
Número de clasificación (OCLC) (R) ; Numero de clasificación CALL (RLIN) (NR) 696
100 ## - PUNTO DE ACCESO PRINCIPAL - NOMBRE DE PERSONA
Nombre de persona LAGUNA MARQUES ANGEL
245 #0 - MENCIÓN DE TÍTULO
Título INSTALACIONES ELECTRICAS DE BAJA TENSION EN EDIFICIOS DE VIVIENDAS
260 ## - PUBLICACIÓN, DISTRIBUCIÓN, ETC. (PIE DE IMPRENTA)
Nombre del editor distribuidor etc. PARANINFO
Fecha de publicación distribución etc. 2001
630 ## - PUNTO DE ACCESO ADICIONAL DE MATERIA--TÍTULO UNIFORME
Título uniforme INSTALACIONES Y SERVICIOS EN LA CONSTRUCCION
650 ## - PUNTO DE ACCESO ADICIONAL DE MATERIA--TÉRMINO DE MATERIA
Término de materia o nombre geográfico como elemento inicial CONSTRUCCION
942 ## - ELEMENTOS DE PUNTO DE ACCESO ADICIONAL (KOHA)
Tipo de ítem Koha Monografías
Holdings
Estado de retiro Estado de pérdida Estado dañado No para préstamo Código de colección Localización permanente Ubicación/localización actual Ubicación en estantería Fecha de adquisición Enumeración/cronología de publicación seriada Número de inventario Número de registro Total de préstamos Signatura topográfica completa Código de barras Fecha visto por última vez Número de copia Precio válido a partir de Tipo de ítem Koha Nota pública
          Servicio de Estudios Históricos Servicio de Estudios Históricos   22/05/2007 696 26661 26661   19893 FH_29804 05/02/2026 1 05/02/2026 Monografías 442 PG, 26X19 CM, MADRID, 84-283-2253-8